Government Response to Consultation on Feed-in Tariffs Comprehensive Review Phase 2A (Record no. 114267)

MARC details
000 -LEADER
fixed length control field 01143cad a22002055a 4500
001 - CONTROL NUMBER
control field L156467
008 - FIXED-LENGTH DATA ELEMENTS--GENERAL INFORMATION
fixed length control field 120525s2012 xxk f 000 0 eng d
035 ## - SYSTEM CONTROL NUMBER
System control number (Sirsi) u156467
041 0# - LANGUAGE CODE
Language code of text/sound track or separate title eng
110 2# - MAIN ENTRY--CORPORATE NAME
Corporate name or jurisdiction name as entry element United Kingdom
Subordinate unit Department of Energy and Climate Change
9 (RLIN) 5850
245 00 - TITLE STATEMENT
Title Government Response to Consultation on Feed-in Tariffs Comprehensive Review Phase 2A
Remainder of title Solar PV Tariffs and Cost Control
Medium [electronic resource]
260 ## - PUBLICATION, DISTRIBUTION, ETC.
Place of publication, distribution, etc. London
Name of publisher, distributor, etc. DECC
Date of publication, distribution, etc. 2012
520 ## - SUMMARY, ETC.
Summary, etc. Following consultation with industry and consumers the government is introducing changes to the Feed-in Tariffs scheme from 1 August 2012. The tariff for a small domestic solar installation will be 16p per kilowatt hour, down from 21p, and will be set to decrease on a 3 month basis thereafter, with pauses if the market slows down.
590 ## - LOCAL NOTE (RLIN)
Local note KA NTK
651 #4 - SUBJECT ADDED ENTRY--GEOGRAPHIC NAME
Geographic name United Kingdom
690 ## - LOCAL SUBJECT ADDED ENTRY--TOPICAL TERM (OCLC, RLIN)
Topical term or geographic name as entry element Energy
9 (RLIN) 6237
690 ## - LOCAL SUBJECT ADDED ENTRY--TOPICAL TERM (OCLC, RLIN)
Topical term or geographic name as entry element Sustainability
9 (RLIN) 6271
856 40 - ELECTRONIC LOCATION AND ACCESS
Uniform Resource Identifier <a href="https://www.decc.gov.uk/assets/decc/11/meeting-energy-demand/renewable-energy/5391-impact-assessment-government-response-to-consulta.pdf">https://www.decc.gov.uk/assets/decc/11/meeting-energy-demand/renewable-energy/5391-impact-assessment-government-response-to-consulta.pdf</a>
Public note View the item free of charge at www.decc.gov.uk
942 ## - ADDED ENTRY ELEMENTS (KOHA)
Suppress in OPAC 0
Holdings
Withdrawn status Lost status Source of classification or shelving scheme Damaged status Not for loan Home library Current library Shelving location Date acquired Total Checkouts Full call number Barcode Date last seen Copy number Price effective from Koha item type
    Dewey Decimal Classification     Virtual Virtual Online 25/05/2012   ONLINE PUBLICATION 156467-1001 06/08/2019 1 06/08/2019 Book